000 00258nam a2200109Ia 4500
008 191206s9999 xx 000 0 und d
020 _a869226177
090 _aPQ6287.G7119
245 0 _aMutambo Wepanyika
260 _aCatholic Mission Press
260 _cc1995
999 _c16529
_d16529